000 00889nam a2200229 a 4500
001 BRCA_5513
005 20190320205118.0
008 040211s2005----u--#######---#000-0#eng-#
020 _a0884011178
041 _aeng
044 _au
050 4 _aND205
_b.M37 2005
245 1 0 _aMasterworks of American Painting at the De Young
_cTimothy Anglin Burgard, general editor ; Daniell Cornell ... [et al.].
260 _aSan Francisco
_bFine Arts Museums of San Francisco
_cc2005
300 _axiii, 573 p.
_bil. (algunas a color)
_c31 cm.
500 _aIncluye índice alfabético
500 _aPublished on the occasion of the reopening of the de Young in Golden Gate Park, San Francisco, California, October 2005
504 _aBibliografía: p. 473-560
610 2 4 _aM. H. De Young Memorial Museum
_vCatálogos
_914084
650 1 4 _aPintura americana
_vCatálogos
_914085
942 _2lcc
_cB
999 _c5207
_d5207